| 000 | 00517nam a2200193 a 4500 | ||
|---|---|---|---|
| 003 | PILC | ||
| 005 | 20160128135538.0 | ||
| 008 | 080618s19uu xx 00 eng d | ||
| 020 | _a0415400686 | ||
| 050 |
_aBC 108 _b.R47 2006 |
||
| 100 | _aRestall, Greg. | ||
| 245 |
_aLogic : _ban introduction / _cGreg Restall. |
||
| 260 |
_aGreat Britain : _bRoutledge, _c2006. |
||
| 300 |
_a225 pages : _c22 cm. _billustrations ; |
||
| 650 | _aPsychology books. | ||
| 650 | _aLogic. | ||
| 942 |
_cBK _2lcc _kFOR |
||
| 999 |
_c23135 _d23135 |
||